000 00805nam a2200193Ia 4500
001 11377
003 GE_BSU
008 181216s||||||||xx |||||||||||||| ||und||
040 _cGE_BSU
080 _a54(038)
245 _aქიმიის ტერმინოლოგია (რუსულ-ქართული (მასალები))
245 _cშემდგ. რ. ნიკოლაძე, დ. გვარამაძე რედ: რ. ნიკოლაძე, რ. ღამბაშიძე
260 _aთბილისი.
260 _bმეცნიერება.
260 _c1970
300 _a220გვ.22სმ.
653 _aქიმიის ტერმინოლოგია (რუსულ-ქართული (მასალები))
942 _cBK
999 _c44574
_d44574